[Event "Migoya Memorial tt"]
[Site "Camaguey"]
[Date "2018.09.23"]
[Round "2.2"]
[White "Pino Alvarez, Yadira"]
[Black "Hernandez Yero, Fernando"]
[Result "0-1"]
[WhiteElo "1443"]
[BlackElo "1732"]
[PlyCount "86"]
[EventDate "2018.09.20"]
[EventType "team-tourn"]
[EventRounds "10"]
[EventCountry "CUB"]
[SourceTitle "EXT 2021"]
[Source "ChessBase"]
[SourceDate "2020.10.23"]
[SourceVersion "1"]
[SourceVersionDate "2020.10.23"]
[SourceQuality "1"]

1. e4 e6 2. d4 d5 3. exd5 exd5 4. Bd3 Bd6 5. Ne2 Nf6 6. 0-0 0-0 7. Bf4 Bg4 8. Bxd6 Qxd6 9. Qd2 Bxe2 10. Bxe2 Re8 11. Nc3 c6 12. Rfe1 Nbd7 13. h3 Nf8 14. Bd3 Ne6 15. Ne2 h6 16. c3 Re7 17. Ng3 Ree8 18. Nf5 Qf4 19. Qxf4 Nxf4 20. Bc2 Rad8 21. Kf1 Ne4 22. Bxe4 dxe4 23. Ng3 Nd3 24. Rxe4 Nxb2 25. Rb1 Nc4 26. Rxe8+ Rxe8 27. Rxb7 Nd2+ 28. Kg1 Re1+ 29. Kh2 f5 30. h4 f4 31. Nh5 g5 32. hxg5 hxg5 33. Nf6+ Kf8 34. Nh7+ Kg8 35. Nxg5 Re2 36. Rb8+ Kg7 37. Rb7+ Kg8 38. Rxa7 Rxf2 39. Ra8+ Kg7 40. Ra7+ Kg6 41. Nh3 Nf3+ 42. Kh1 Rf1+ 43. Ng1 Rxg1# 0-1

[Event "Villa Yayabo tt"]
[Site "Sancti Spiritus"]
[Date "2018.06.09"]
[Round "9.2"]
[White "Hernandez Yero, Fernando"]
[Black "Cabrales Santos, Guzman"]
[Result "1/2-1/2"]
[WhiteElo "1749"]
[BlackElo "1655"]
[PlyCount "74"]
[EventDate "2018.06.04"]
[EventType "team-tourn"]
[EventRounds "10"]
[EventCountry "CUB"]
[SourceTitle "EXT 2021"]
[Source "ChessBase"]
[SourceDate "2020.10.23"]
[SourceVersion "1"]
[SourceVersionDate "2020.10.23"]
[SourceQuality "1"]

1. e4 d5 2. exd5 Qxd5 3. Nc3 Qa5 4. d4 c6 5. Bc4 Bf5 6. Nge2 e6 7. Bf4 Nf6 8. 0-0 Nbd7 9. Qd2 Bb4 10. f3 Nb6 11. Bb3 Nbd5 12. Bg3 Nxc3 13. bxc3 Be7 14. Be5 Rd8 15. Qe3 0-0 16. Ng3 Bg6 17. c4 Rd7 18. c3 Rfd8 19. Rfc1 Ne8 20. c5 b6 21. cxb6 axb6 22. Ne4 Nd6 23. Bxd6 Bxd6 24. Nxd6 Rxd6 25. Bc2 Bxc2 26. Rxc2 Rd5 27. Rb2 Rb5 28. Rab1 Rxb2 29. Rxb2 g6 30. Kf2 Rd5 31. h3 Rb5 32. Rxb5 Qxb5 33. Qd2 Qc4 34. Qb2 b5 35. Qb3 Qd3 36. Qb2 Kg7 37. Qc1 Kg8 1/2-1/2

[Event "Villa Yayabo tt"]
[Site "Sancti Spiritus"]
[Date "2018.06.09"]
[Round "10.2"]
[White "Ulloa Rey, Luis Ernesto"]
[Black "Hernandez Yero, Fernando"]
[Result "0-1"]
[WhiteElo "1796"]
[BlackElo "1749"]
[PlyCount "60"]
[EventDate "2018.06.04"]
[EventType "team-tourn"]
[EventRounds "10"]
[EventCountry "CUB"]
[SourceTitle "EXT 2021"]
[Source "ChessBase"]
[SourceDate "2020.10.23"]
[SourceVersion "1"]
[SourceVersionDate "2020.10.23"]
[SourceQuality "1"]

1. d4 d5 2. Nf3 Nf6 3. e3 Bg4 4. c4 c6 5. Be2 e6 6. cxd5 exd5 7. Nbd2 Bd6 8. 0-0 Nbd7 9. b3 Qc7 10. Bb2 0-0-0 11. a4 Ne4 12. h3 h5 13. Nxe4 dxe4 14. Nd2 f5 15. Nc4 Bh2+ 16. Kh1 Nf6 17. Qe1 f4 18. Kxh2 Bxe2 19. Rh1 Bxc4 20. bxc4 fxe3+ 21. Kg1 exf2+ 22. Qxf2 Rhf8 23. Qe3 Qf7 24. d5 cxd5 25. Qxa7 Qe6 26. cxd5 Qxd5 27. Kh2 Qd6+ 28. g3 Qd2+ 29. Kg1 Qxb2 30. Qc5+ Kb8 0-1

[Event "Villa Yayabo tt"]
[Site "Sancti Spiritus"]
[Date "2018.06.06"]
[Round "5.2"]
[White "Hernandez Yero, Fernando"]
[Black "Ulloa Rey, Luis Ernesto"]
[Result "1-0"]
[WhiteElo "1749"]
[BlackElo "1796"]
[PlyCount "67"]
[EventDate "2018.06.04"]
[EventType "team-tourn"]
[EventRounds "10"]
[EventCountry "CUB"]
[SourceTitle "EXT 2021"]
[Source "ChessBase"]
[SourceDate "2020.10.23"]
[SourceVersion "1"]
[SourceVersionDate "2020.10.23"]
[SourceQuality "1"]

1. e4 c5 2. Nf3 Nc6 3. d4 cxd4 4. Nxd4 g6 5. Be3 Bg7 6. Nc3 Nf6 7. Be2 0-0 8. 0-0 d5 9. exd5 Nxd5 10. Nxd5 Nxd4 11. Bxd4 Qxd5 12. Bxg7 Qxd1 13. Rfxd1 Kxg7 14. Rd4 Be6 15. Rad1 Rac8 16. c4 b6 17. f4 Rc5 18. b4 Rc7 19. Kf2 Rfc8 20. Rc1 a5 21. a3 axb4 22. axb4 Ra8 23. Rd2 Ra4 24. Rb2 Rd7 25. c5 Rd4 26. cxb6 Bd5 27. Bf3 Bxf3 28. Kxf3 Raxb4 29. Rcb1 Rxb2 30. Rxb2 Rd8 31. Ke4 Kf8 32. b7 Rb8 33. Kd5 Ke8 34. Kc6 1-0

[Event "Tomas Aguilera Angelino Memorial"]
[Site "Ciego de Avila"]
[Date "2018.04.08"]
[Round "6"]
[White "Hernandez Yero, Fernando"]
[Black "Cardenas Nunez, Yusley"]
[Result "1-0"]
[WhiteElo "1732"]
[BlackElo "2063"]
[PlyCount "97"]
[EventDate "2018.04.05"]
[EventType "swiss"]
[EventRounds "9"]
[EventCountry "CUB"]
[SourceTitle "EXT 2021"]
[Source "ChessBase"]
[SourceDate "2020.10.23"]
[SourceVersion "1"]
[SourceVersionDate "2020.10.23"]
[SourceQuality "1"]

1. e4 d6 2. d4 Nd7 3. Nf3 e5 4. Bb5 Ngf6 5. dxe5 dxe5 6. 0-0 c6 7. Bd3 Bc5 8. Bg5 Qc7 9. Nbd2 Nf8 10. Nc4 Ng6 11. Nh4 Bg4 12. Qd2 0-0-0 13. Qa5 b6 14. Qe1 Nf4 15. Bxf4 exf4 16. e5 Nd7 17. Bf5 Bh5 18. Qd2 g5 19. Nf3 Kb8 20. Bxd7 Rxd7 21. Qc3 Bxf3 22. Qxf3 b5 23. Na3 Rd2 24. Qc3 Bxf2+ 25. Rxf2 Rxf2 26. e6 Rc8 27. Kxf2 fxe6 28. Rd1 e5 29. Qc5 g4 30. Qd6 e4 31. Qxc7+ Kxc7 32. c3 Re8 33. Nc2 Re5 34. Nd4 a6 35. b4 Kb6 36. Nb3 Kc7 37. Nc5 e3+ 38. Ke2 Rh5 39. Ne6+ Kb6 40. Nxf4 Rxh2 41. Kxe3 a5 42. a3 axb4 43. axb4 Rh6 44. Rd7 c5 45. bxc5+ Kxc5 46. Rc7+ Kd6 47. Rg7 Kc5 48. Rxg4 Ra6 49. Nd3+ 1-0

[Event "Santa Clara Salado Cup"]
[Site "Santa Clara"]
[Date "2018.04.01"]
[Round "6"]
[White "Borroto Fajardo, Alian Alberto"]
[Black "Hernandez Yero, Fernando"]
[Result "0-1"]
[WhiteElo "1844"]
[BlackElo "1732"]
[PlyCount "74"]
[EventDate "2018.03.29"]
[EventType "swiss"]
[EventRounds "7"]
[EventCountry "CUB"]
[SourceTitle "EXT 2021"]
[Source "ChessBase"]
[SourceDate "2020.10.23"]
[SourceVersion "1"]
[SourceVersionDate "2020.10.23"]
[SourceQuality "1"]

1. d4 d5 2. Nf3 Nf6 3. e3 Bg4 4. Nbd2 e6 5. Bd3 Bd6 6. 0-0 0-0 7. b3 Re8 8. Qe1 e5 9. dxe5 Bxe5 10. Nxe5 Rxe5 11. Bb2 Rh5 12. f3 Bf5 13. Bxf5 Rxf5 14. g4 Rg5 15. h3 Rg6 16. Qg3 Nc6 17. Qf2 Qe7 18. a3 h5 19. Rfe1 hxg4 20. hxg4 Qd7 21. Bxf6 Rxf6 22. Rad1 Ne5 23. Qg3 Re8 24. g5 Rg6 25. f4 Qg4 26. Kg2 Qf5 27. e4 dxe4 28. Rxe4 f6 29. Kh1 Kf7 30. Rde1 Rh8+ 31. Kg2 Rh5 32. Nf3 Nc6 33. Nh4 Rxh4 34. Qxh4 fxg5 35. Qh8 gxf4+ 36. Kf2 Qc5+ 37. Kf3 Rg3+ 0-1

[Event "Santa Clara Salado Cup"]
[Site "Santa Clara"]
[Date "2018.03.30"]
[Round "2"]
[White "Figueredo Dominguez, Reinaldo R"]
[Black "Hernandez Yero, Fernando"]
[Result "1-0"]
[WhiteElo "1880"]
[BlackElo "1732"]
[PlyCount "73"]
[EventDate "2018.03.29"]
[EventType "swiss"]
[EventRounds "7"]
[EventCountry "CUB"]
[SourceTitle "EXT 2021"]
[Source "ChessBase"]
[SourceDate "2020.10.23"]
[SourceVersion "1"]
[SourceVersionDate "2020.10.23"]
[SourceQuality "1"]

1. e4 e6 2. d4 d5 3. Nc3 Nf6 4. Bg5 Be7 5. e5 Nfd7 6. h4 c5 7. Nb5 Qa5+ 8. c3 a6 9. Bxe7 axb5 10. Bd6 cxd4 11. Qxd4 Qa4 12. b3 Qxd4 13. cxd4 Nc6 14. Nf3 b4 15. Bb5 f6 16. Bxc6 bxc6 17. Bxb4 fxe5 18. Nxe5 Nxe5 19. dxe5 Ba6 20. Bd6 Bd3 21. Kd2 Bf5 22. Rhc1 Kd7 23. a4 Ra6 24. f3 h5 25. Kc3 Rha8 26. Kd4 g6 27. Rg1 Rb6 28. Kc3 d4+ 29. Kb2 Ra5 30. g4 hxg4 31. fxg4 Be4 32. Rgf1 c5 33. Rf7+ Kc6 34. Rc1 Rb7 35. Rxb7 Kxb7 36. Rxc5 Ra8 37. Rc4 1-0

[Event "Santa Clara Salado Cup"]
[Site "Santa Clara"]
[Date "2018.03.29"]
[Round "1"]
[White "Hernandez Yero, Fernando"]
[Black "Lemus Morales, Diego Enrique"]
[Result "0-1"]
[WhiteElo "1732"]
[BlackElo "2027"]
[PlyCount "112"]
[EventDate "2018.03.29"]
[EventType "swiss"]
[EventRounds "7"]
[EventCountry "CUB"]
[SourceTitle "EXT 2021"]
[Source "ChessBase"]
[SourceDate "2020.10.23"]
[SourceVersion "1"]
[SourceVersionDate "2020.10.23"]
[SourceQuality "1"]

1. e4 e5 2. Nf3 Nc6 3. Bb5 a6 4. Bxc6 dxc6 5. 0-0 f6 6. d4 exd4 7. Qxd4 Qxd4 8. Nxd4 c5 9. Nb3 Bd7 10. Be3 b6 11. Nc3 0-0-0 12. Rfd1 Bd6 13. Rd2 Ne7 14. Rad1 Bc6 15. Nc1 Be5 16. Rxd8+ Rxd8 17. Rxd8+ Kxd8 18. N1e2 f5 19. f3 fxe4 20. fxe4 Kd7 21. Kf2 Nc8 22. Bf4 Ke6 23. Ke3 Nd6 24. b3 Bf6 25. Bg3 g5 26. h4 gxh4 27. Bh2 Be5 28. Bxe5 Kxe5 29. Ng1 Nxe4 30. Nf3+ Kf5 31. Nxe4 Bxe4 32. Nxh4+ Ke5 33. c3 h5 34. Nf3+ Bxf3 35. Kxf3 Kf5 36. g3 b5 37. c4 b4 38. Ke3 Kg4 39. Kf2 Kh3 40. Kf3 a5 41. Kf2 Kh2 42. Kf3 Kg1 43. Kf4 Kf2 44. g4 hxg4 45. Kxg4 Ke2 46. Kf4 Kd2 47. Ke4 Kc2 48. Kd5 Kb2 49. Kxc5 Kxa2 50. Kd5 Kxb3 51. c5 a4 52. c6 a3 53. Ke6 a2 54. Kd7 a1Q 55. Kxc7 Qa7+ 56. Kc8 Kc4 0-1

[Event "CUB School-chT"]
[Site "Santa Clara"]
[Date "2017.07.17"]
[Round "9.1"]
[White "Hernandez Yero, Fernando"]
[Black "Perez Leiva, Jerzy Jesus"]
[Result "0-1"]
[WhiteElo "1741"]
[BlackElo "2239"]
[PlyCount "96"]
[EventDate "2017.07.13"]
[EventType "team-swiss"]
[EventRounds "9"]
[EventCountry "CUB"]
[SourceTitle "EXT 2023"]
[Source "ChessBase"]
[SourceDate "2022.10.05"]
[SourceVersion "1"]
[SourceVersionDate "2022.10.05"]
[SourceQuality "1"]

1. e4 c5 2. Nf3 e6 3. d4 cxd4 4. Nxd4 Nc6 5. Nc3 Qc7 6. a3 Nf6 7. Ndb5 Qb8 8. Bg5 a6 9. Nd4 Bc5 10. Bxf6 gxf6 11. Nb3 Ba7 12. Qf3 Qe5 13. Qg3 Qxg3 14. hxg3 b5 15. f3 Bb7 16. 0-0-0 Rc8 17. Kb1 Ke7 18. Ne2 Ne5 19. Nf4 Nc4 20. Bxc4 bxc4 21. Nd4 f5 22. exf5 e5 23. f6+ Kd8 24. Nf5 exf4 25. Nd6 Kc7 26. Nxc8 Kxc8 27. gxf4 h5 28. Rh3 h4 29. g4 Bf2 30. Rd2 Bg3 31. Rg2 Kc7 32. g5 Bxf3 33. Rg1 Kd6 34. g6 fxg6 35. Rgxg3 hxg3 36. Rxh8 Ke6 37. Rh3 g2 38. Rg3 Kxf6 39. Rg5 d5 40. Kc1 d4 41. Kd2 Be4 42. b4 c3+ 43. Kc1 Ke6 44. a4 Kd6 45. Kd1 Kc6 46. Kc1 Kb6 47. Kd1 a5 48. b5 Kc7 0-1